| 000 | 00382nam a2200157Ia 4500 | ||
|---|---|---|---|
| 008 | 231217s9999 xx 000 0 und d | ||
| 041 | _aEnglish | ||
| 082 | _a671.2 SIN `R' | ||
| 100 | _aSinha, K P Goel, D B | ||
| 245 | 0 | _aFoundry technology | |
| 250 | _a6th ed. | ||
| 260 |
_c1991 _bStandard Book House |
||
| 300 | _aiii+270 | ||
| 650 | _aFoundry technology | ||
| 942 | _cAA | ||
| 999 |
_c166521 _d166521 |
||